Statistics for Prime Numbers To 1-100

Click here to take the quiz!

General Stats

  • This quiz has been taken 67 times
  • The average score is 7 of 26

Answer Stats

HintAnswer% Correct
T2
100%
T3
88%
F5
85%
S7
82%
E11
76%
T13
74%
S17
62%
N19
50%
T23
41%
T29
26%
T31
12%
T37
9%
F41
3%
F43
3%
F47
3%
F53
3%
F59
3%
How many prime numbers are there25
0%
S61
0%
S67
0%
S71
0%
S73
0%
S79
0%
E83
0%
E89
0%
N97
0%

Score Distribution

Percentile by Number Answered

Percent of People with Each Score

Your Score History

You have not taken this quiz